LEADER 01218nam a2200277 i 4500 001 000000038038 003 CaOOAMICUS 005 20040903000000.0 008 040903s1973 it u000 u ita u 013 $a8443 040 $aSeMil$bita 245 10$aAbbazie e conventi /$cintroduzione di Giovanni Fallani ; saggio storico-critico di Giuseppe Zander. 260 $aMilano :$bTouring Club Italiano,$ccopyr. 1973. 300 $a192 p. :$briccamente ill. ;$c31 cm. 490 0 $aItalia meravigliosa 650 4$aArchitettura monastica.$0(OLS)http://semarc/subject/7676 650 4$aItalia - Abbazie.$0(OLS)http://semarc/subject/7677 650 4$aConventi - Italia.$0(OLS)http://semarc/subject/7678 700 1 $aZander, Giuseppe.$0(OLS)http://semarc/name/17835 700 1 $aFallani, Giovanni,$c.$0(OLS)http://semarc/name/1283 830 0$aItalia meravigliosa.$0(OLS)http://semarc/title/16005 850 $aSeMil 852 $aSeMil$W1$xVenegono$y1$m4Y VII 63$j4193$B4193$CSeMilBibl$Z2$F4193 $81 961 $aOmaggio: Donazione 996 $6245$aAbbazie e conventi$9(OLS)http://semarc/title/53540 996 $6260$aMilano :$bTouring Club Italiano$9(OLS)http://semarc/publisher/29688 LEADER 01388nam a2200277 i 4500 001 000000064147 003 CaOOAMICUS 005 20111004000000.0 008 111004s1989 gw u000 u ger u 013 $a35319 020 $a3-88096-757-1 040 $aSeMil$bita 245 14$aDie Französische Revolution :$bWurzeln und Wirkungen : eine Ringvorlesung der Universität München /$cherausgegeben und eingeleitet von Venanz Schubert ; [mit Beiträge von] Golo Mann ... [et al.]. 260 $aSt. Ottilien :$bEOS,$c1989. 300 $a523 p. ;$c19 cm. 490 0 $aWissenschaft und Philosophie : interdisziplinäre Studien ;$v7 650 4$aRivoluzione francese <1789-1799>.$0(OLS)http://semarc/subject/1257 700 1 $aMann, Golo,$d<1909-1994>.$0(OLS)http://semarc/name/358 700 1 $aSchubert, Venanz.$0(OLS)http://semarc/name/11320 830 0$aWissenschaft und Philosophie : interdisziplinäre Studien ;$v7.$0(OLS)http://semarc/title/34352 850 $aSeMil 852 $aSeMil$W1$xVenegono$y1$m3V II 246$j30300$B30300$CSeMilBibl$Z2$F30303 $81 961 $aRecupero: Altro 996 $6020$a3-88096-757-1$9(OLS)http://semarc/number/41019 996 $6245$aDie Französische Revolution :$bWurzeln und Wirkungen : eine Ringvorlesung der Universität München$9(OLS)http://semarc/title/101463 996 $6260$aSt. Ottilien :$bEOS$9(OLS)http://semarc/publisher/29736